| 000 | 00508 a2200169 4500 | ||
|---|---|---|---|
| 005 | 20250506105519.0 | ||
| 020 | _a978-0-07-059788-4 | ||
| 082 | _a658. 15 ROS | ||
| 100 | _aROSS, S. A. | ||
| 245 | _aCorporate Finanace | ||
| 250 | _a7th Ed. | ||
| 260 |
_aNew York, _bMcGraw-Hill, _c2005. |
||
| 300 |
_axxxiii, 942p.: ill.; figure, graph, table. _bGlossary, index. _c26cm. |
||
| 700 | _aWESTERFIELD, R. W. & JAFFE, J. | ||
| 856 |
_yAccess online book _fCorporate Finanace _dwww.mhhe.com/rwj. |
||
| 942 |
_2ddc _cBKS |
||
| 999 |
_c1997 _d1997 |
||